Pernštejnové na Pardubicku a kostel sv. Bartoloměje

Titel: Pernštejnové na Pardubicku a kostel sv. Bartoloměje / Jiří Kotyk, Jan Frolík, Jiří Šindelář
Verfasser: ; ;
Ausgabe: Druhé doplněné vydání
Veröffentlicht: Pardubice : Klub přátel Pardubicka, 2021
Umfang: 80 Seiten : Illustrationen, Porträts, Faksimiles, Pläne ; 21 cm
Format: Buch
Sprache: Tschechisch
Schriftenreihe/
mehrbändiges Werk:
AB-Zet Pardubicka ; sešit 78.
Schlagworte:
ISBN: 9788088412038 ; 808841203X
Buchumschlag
X
alg: 49459523
001A    $03004:10-05-22 
001B    $01999:27-11-24 $t22:56:50.000 
001D    $03004:03-11-22 
001U    $0utf8 
001X    $00 
002@    $0Aau 
002C    $aText $btxt $2rdacontent 
002D    $aohne Hilfsmittel zu benutzen $bn $2rdamedia 
002E    $aBand $bnc $2rdacarrier 
003@    $049459523X 
004A    $A978-80-88412-03-8 $f((Knihy s úsměvem ;) 
004A    $080-88412-03-X 
006C    $01284974687 $aOCoLC 
007A    $049459523X $aHEB 
007G    $0DE020CF3B068499C4293FC12588F3003FDB10 
009P    $qapplication/pdf $A2 $3Inhaltsverzeichnis $uhttp://scans.hebis.de/HEBCGI/show.pl?49459523_toc.pdf $mV:DE-603;B:DE-Mb50 
009P    $qapplication/pdf $A2 $3Cover $uhttp://scans.hebis.de/HEBCGI/show.pl?49459523_cov.pdf $mV:DE-603;B:DE-Mb50 
010@    $acze 
010E    $erda 
011@    $a2021 $n2021 
021A    $aPernštejnové na Pardubicku a kostel sv. Bartoloměje $hJiří Kotyk, Jan Frolík, Jiří Šindelář 
027A    $aKostel sv. Bartoloměje 
027A    $a500 let renesance ve východních Čechách 
028A    $BVerfasser $4aut $71103678973 $8Kotyk, Jiří$Z1946- [Tp3] $938160750X 
028C    $BVerfasser $4aut $7142495840 $8Frolík, Jan$Z1956- [Tp1] $9227736028 
028C    $BVerfasser $#Šindelarž, Jirži $4aut $D20231015 $Ecgwrk $71159283532 $8Šindelář, Jiří [Tp6] $9431049823 
032@    $aDruhé doplněné vydání 
033A    $pPardubice $nKlub přátel Pardubicka 
034D    $a80 Seiten 
034I    $a21 cm 
034M    $aIllustrationen, Porträts, Faksimiles, Pläne 
036E    $aAB-Zet Pardubicka $lsešit 78. 
037A    $aEnthält Literaturangaben 
037A    $aAuf dem Umschlag: 500 let renesance ve východních Čechách 
037A    $aVydalo nakladatelství Knihy s úsměvem ve spolupráci s Klubem přátel Pardubicka 
037A    $aEnthält Literaturangaben 
044A    $aPernštejnové (rod) $2czenas $S37 $N600 
044A    $aKostel sv $2czenas $S27 $N610 
044A    $ašlechtické rody $2czenas $S07 $y13 $zČesko $N650 
044A    $akostely $2czenas $S07 $zČesko $N650 
044A    $ahrobky $2czenas $S07 $zČesko $N650 
044A    $aarcheologické výzkumy $2czenas $S07 $y20 $zČesko $N650 
044A    $ahouse of nobility $2czenas $S07 $y13th-17th centuries $zCzechia $N650 
044A    $achurches $2czenas $S07 $zCzechia $N650 
044A    $atombs $2czenas $S07 $zCzechia $N650 
044A    $aexcavations (archaeology) $2czenas $S07 $y20th-21st centuries $zCzechia $N650 
044A    $aPardubice (Česko) $2czenas $S#7 $xdějiny $y13 $N651 
044A    $aPardubice (Czechia) $2czenas $S#7 $xhistory $y13th-17th centuries $N651 
044A    $asborníky $2czenas $S#7 $N655 
044A    $amiscellanea $2czenas $S#7 $N655 
044K    $#Pernštejna  $#Pernštejnové  $7119462885 $8$PPernstein$cvon$lFamilie : 1100-1631 [Tp1] $9087802600 
044K    $#Pardubice, Region $74719341-4 $8Pardubitz$zRegion [Tg1] $9109720334 
044K    $RReligiöse Kunst $#Christian art and symbolism $#Art chrétien $#Arte cristiana $#Arte religioso $#Simbolismo cristiano $#Kirchliche Kunst $#Sakralkunst Christliche Kunst $#Sakrale Kunst Christliche Kunst $#Christentum Kunst $74010109-5 $8Christliche Kunst [Ts1] $9085019704 
044K    $RArchitektur $#Church architecture $#Architecture chrétienne $#Sakrale Architektur $#Sakralarchitektur $#Religiöse Architektur $#Kultgebäude $#Kultbau $74178936-2 $8Sakralbau [Ts1] $9085849723 
045F    $a929.0943710902 $eDDC23BSB 
045F/01 $a929 
045F/03 $f0902 
045F/03 $f0903 
045F/03 $g4371 
045G    $a200.943710902 $eDDC23BSB 
045G/01 $a200.9 
045G/03 $f0902 
045G/03 $f0903 
045G/03 $g4371 

lok: 49459523 24

exp: 49459523 24 1 #EPN
201B/01 $003-11-22 $t13:47:08.000 
201C/01 $010-05-22 
201U/01 $0utf8 
203@/01 $01201444144 
208@/01 $a03-11-22 $bz 
209A/01 $a22.02893 $du $f050 $h22 02893 $x00 
209C/01 $a22.02893 K $h22 02893 K 
209G/01 $a74567401 $x00 
220C/01 $akon 
247C/01 $8358050-7 Marburg, Bibliothek des Herder-Instituts Marburg $9102600961 

lok: 49459523 78

exp: 49459523 78 1 #EPN
201B/01 $012-02-26 $t15:27:25.000 
201C/01 $012-02-26 
201U/01 $0utf8 
203@/01 $01335203966 
208@/01 $a12-02-26 $be 
209A/01 $a/ $f000 $x00 
209A/01 $ab*p $x01 
220C/01 $apgar 
244Z/01 $#Böhmische Kronländer $#Länder der Böhmischen Krone $#Sudetenland $#Böhmen $#Mähren $#Mährisch-Schlesien $#Österreichisch-Schlesien $#Tschechische Sozialistische Republik Böhmische Länder $#Tschechei Böhmische Länder $#Země koruny české $74069573-6 $8--Tg1--Böhmische Länder $x03 $9085195553 
247C/01 $82080>Marburg/Lahn, Herder-Institut, Forschungsbibliothek, Bibliographieportal $9336309341
LEADER 00000cam a2200000 c 4500
001 49459523X
003 DE-603
005 20241127225650.0
007 tu
008 220510s2021 xx |||| | u00||u|cze c
020 |a 9788088412038  |c ((Knihy s úsměvem ;) 
020 |a 808841203X 
035 |a (DE-599)HEB49459523X 
040 |a DE-603  |b ger  |c DE-603  |d DE-603  |e rda 
041 |a cze 
082 0 4 |8 1\u  |a 929.0943710902  |q DE-101  |2 23/BSB 
083 0 |8 2\u  |a 200.943710902  |q DE-101  |2 23/BSB 
085 |8 1\u  |b 929 
085 |8 1\u  |z 1  |s 0902 
085 |8 1\u  |z 1  |s 0903 
085 |8 1\u  |z 2  |s 4371 
085 |8 2\u  |b 200.9 
085 |8 2\u  |z 1  |s 0902 
085 |8 2\u  |z 1  |s 0903 
085 |8 2\u  |z 2  |s 4371 
100 1 |a Kotyk, Jiří  |d 1946-  |e Verfasser  |4 aut  |0 (DE-603)38160750X  |0 (DE-588)1103678973  |2 gnd 
245 0 0 |a Pernštejnové na Pardubicku a kostel sv. Bartoloměje  |c Jiří Kotyk, Jan Frolík, Jiří Šindelář 
246 1 3 |a Kostel sv. Bartoloměje 
246 1 3 |a 500 let renesance ve východních Čechách 
250 |a Druhé doplněné vydání 
264 1 |a Pardubice  |b Klub přátel Pardubicka  |c 2021 
300 |a 80 Seiten  |b Illustrationen, Porträts, Faksimiles, Pläne  |c 21 cm 
336 |a Text  |b txt  |2 rdacontent 
337 |a ohne Hilfsmittel zu benutzen  |b n  |2 rdamedia 
338 |a Band  |b nc  |2 rdacarrier 
490 0 |a AB-Zet Pardubicka  |v sešit 78. 
500 |a Enthält Literaturangaben 
500 |a Auf dem Umschlag: 500 let renesance ve východních Čechách 
500 |a Vydalo nakladatelství Knihy s úsměvem ve spolupráci s Klubem přátel Pardubicka 
500 |a Enthält Literaturangaben 
600 3 7 |a Pernstein von  |c Familie : 1100-1631  |0 (DE-588)119462885  |0 (DE-603)087802600  |2 gnd 
650 7 |a Christliche Kunst  |0 (DE-588)4010109-5  |0 (DE-603)085019704  |2 gnd 
650 7 |a Sakralbau  |0 (DE-588)4178936-2  |0 (DE-603)085849723  |2 gnd 
651 7 |a Pardubitz  |0 (DE-588)4719341-4  |0 (DE-603)109720334  |2 gnd 
700 1 |a Frolík, Jan  |d 1956-  |e Verfasser  |4 aut  |0 (DE-603)227736028  |0 (DE-588)142495840  |2 gnd 
700 1 |a Šindelář, Jiří  |e Verfasser  |4 aut  |0 (DE-603)431049823  |0 (DE-588)1159283532  |2 gnd 
856 4 2 |m V:DE-603;B:DE-Mb50  |q application/pdf  |u http://scans.hebis.de/HEBCGI/show.pl?49459523_toc.pdf  |3 Inhaltsverzeichnis 
856 4 2 |m V:DE-603;B:DE-Mb50  |q application/pdf  |u http://scans.hebis.de/HEBCGI/show.pl?49459523_cov.pdf  |3 Cover 
924 0 |9 Mb 50  |a (DE-603)1201444144  |b DE-Mb50  |c HES  |d c  |g 22.02893 
924 0 |9 2080  |a (DE-603)1335203966  |b DE-2080  |c HES  |d d  |g /